Obálka Náhled e-knihy:
PDF Epub
Pro půjčování e-knih musíte být přihlášeni.
Jak si půjčit online?

Bez stopy /

Keď sa na vrchole kopca v britskom pohorí Midlands nájde ukrižované telo muža, Lock, prvý detektív s umelou inteligenciou na svete, a hlavná inšpektorka Kat Franková dostanú prvý živý prípad. Potom sa uprostred poľa nájde druhé podobne zohavené telo a Kat a Lock musia spojiť svoje inštinkty a algori...

Celý popis

Uloženo v:
Série:Kat Franková a Lock, část 2
Hlavní autor: Callaghan, Jo (Autor)
Médium: E-kniha
Jazyk:Czech
Vydáno: Praha : Albatros Media Slovakia s.r.o., 2025
Příbuzné jednotky:Z cyklu:: Kat Franková a Lock
Tagy:
Žádné tagy
LEADER 01434nam a22002417i 4500
001 303214
007 ta
008 260518s2025 xr ||||| |||| 00| 0 cze d
020 |a 9788056644256 
044 |a xr 
100 1 |a  Callaghan, Jo  |4 aut 
245 1 0 |a Bez stopy /  |c  Callaghan, Jo 
240 1 0 |a Leave No Trace 
264 1 |a Praha :  |b Albatros Media Slovakia s.r.o.,  |c 2025 
300 |a 1 online zdroj (392 stran) 
336 |a text  |b txt  |2 rdacontent 
337 |a bez média  |b n  |2 rdamedia 
338 |a online zdroj  |b cr  |2 rdacarrier 
520 2 |a Keď sa na vrchole kopca v britskom pohorí Midlands nájde ukrižované telo muža, Lock, prvý detektív s umelou inteligenciou na svete, a hlavná inšpektorka Kat Franková dostanú prvý živý prípad. Potom sa uprostred poľa nájde druhé podobne zohavené telo a Kat a Lock musia spojiť svoje inštinkty a algoritmy, aby chytili vraha, skôr ako bude môcť udrieť znova. 
787 0 8 |g 2  |i Z cyklu:  |t Kat Franková a Lock 
910 |a RBIT002 
998 |d 426886  |a https://core.palmknihy.cz/api/books/426886/cover?tesgha  |b https://core.palmknihy.cz/api/books/426886/cover/400?tesgha  |c https://core.palmknihy.cz/api/books/426886/cover/50?tesgha  |e 2029-03-25  |g 392  |i 9788056644256  |j https://core.palmknihy.cz/api/books/426886/preview.epub  |k https://core.palmknihy.cz/api/books/426886/preview.pdf  |l   |q 49  |r 1  |s https://www.palmknihy.cz/kniha/426886  |t ebook  |y 2025  |z 1  |v Kat Franková a Lock  |w 2 
999 |d 303212